=LDR 00000nam 2200000 4500 =001 INLIS000000000017390 =005 20130612112607 =008 ***********************************Ind** =035 ##$$0010-061300000017390 =041 ##$$a Ind =082 ##$$a 618.2 =090 ##$$a 618.2, Ste p =100 ##$$a Stenchever, Morton A =245 ##$$a Penalatalksanaan dalam persalinan, Morton A. Stenchever, M.D ; alih bahasa, dr. Chrisdiono M. Achadiat =260 ##$$a 1995 $b Jakarta =300 ##$$a ix, 135 hlm, ilus, 19 cm =650 ##$$a Anak, Melahirkan =700 ##$$a Achadiat, Chrisdiono M =850 ##$$a NBPNMAT